טוען...

CPCRI ANNUAL REORT

מידע ביבליוגרפי
מחבר ראשי: ICAR
פורמט: Printed Book
שפה:Undetermined
יצא לאור: INDIA CPCRI 2013
נושאים:
LEADER 00468nam a2200145Ia 4500
008 140316s9999 xx 000 0 und d
082 |a ICAR/CPCRI  |b AR/2012-13 
100 |a ICAR 
245 |a CPCRI ANNUAL REORT 
260 |a INDIA  |b CPCRI  |c 2013 
300 |a 116 
650 |a ANNUAL REPOT 
942 |2 ddc  |c REF 
999 |c 24917  |d 24917 
952 |0 0  |1 0  |2 ddc  |4 0  |6 ICARCPCRI_AR201213  |7 0  |9 32918  |a KAUCLV  |b KAUCLV  |c REPORTS  |d 2014-03-18  |o ICAR/CPCRI AR/2012-13  |p 807504  |r 2014-03-18  |w 2014-03-18  |y REF